LEADER 01427nam a2200277 a 4500 001 000000155422 003 CaOOAMICUS 005 20161024143157.0 008 161024s1975 it u000 u eng r 032 $aLibriCat 040 $aPUL$bita 100 1 $aHealy, William Francis,$cO.P.$0(OLS)http://pul/name/98976 245 14$aThe thought of Thomas Merton, concerning the relationship of christianity and Zen /$cauctore William Francis Healy, o.p. 260 $aRoma :$bPontificia Universitą S. Tommaso d'Aquino,$c1975. 300 $a104 p. ;$c25 cm. 500 $aIn testa al front.: Pontificia Studiorum Universitas a S. Thoma Aq. in Urbe. 502 $aEstratto da tesi -- Pontificiam Universitatem S. Thomae de Urbe, Facultate S. Theologiae, 1975. 504 $aBibliografia in nota. 600 14$aMerton, Thomas,$cO.C.R.,$d1915-1968.$0(OLS)http://pul/subject/25698 710 2 $aPontificia Universitą S. Tommaso.$bFacoltą di teologia.$kTesi.$0(OLS)http://pul/name/81834 850 $aPUL 852 $aPUL$W1$xDP1 Tesi Pon. Univ. S. Tommaso$y44$mTH S.THOM TH532$j178537$qTesi$B181723$CPULBib$Z2$F181723 $H42003 $81 941 1 $a16 996 $6245$aThe thought of Thomas Merton, concerning the relationship of christianity and Zen$9(OLS)http://pul/title/195088 996 $6260$aRoma :$bPontificia Universitą S. Tommaso d'Aquino$9(OLS)http://pul/publisher/74417 LEADER 01121nam a2200277 a 4500 001 000000153257 003 CaOOAMICUS 005 20160722162027.0 008 160722s1996 it u000 u ita r 020 $a88-7284-379-0* 032 $aLibriCat 040 $aPUL$bita 245 03$aIl principio di laicitą nello Stato democratico /$ca cura e con introduzione di Mario Tedeschi. 260 $aSoveria Mannelli :$bRubbettino,$c©1996. 300 $a355 p. ;$c23 cm. 490 1 $aSaggi ; 650 4$aLaicitą e diritto.$0(OLS)http://pul/subject/36678 700 1 $aTedeschi, Mario.$0(OLS)http://pul/name/21538 830 0$aSaggi (Rubbettino).$0(OLS)http://pul/title/57097 850 $aPUL 852 $aPUL$W1$xDP1 Fondo G. Barberini$y122$m3 D 70$j166486$qFondi$B178935$CPULBib$Z2$F178935 $HBar1594 $81 941 1 $a1 996 $6020$a88-7284-379-0*$9(OLS)http://pul/number/160747 996 $6245$aIl principio di laicitą nello Stato democratico$9(OLS)http://pul/title/192689 996 $6260$aSoveria Mannelli :$bRubbettino$9(OLS)http://pul/publisher/51639